000 00661nam a2200241Ia 4500
003 OSt
005 20221007070738.0
006 a|||||r|||| 00| 0
007 ta
008 221006b |||||||| |||| 00| 0 eng d
020 _a9789350359624
024 _a44,953
037 _cTextual
040 _aFLL
_cFLL
_beng
041 _2eng
_aeng
082 _aZ:(P:7), Q7
100 _aCORBE-JARVIS Nichola
_9687624
245 0 _aEffective Legal Writing
_b A practical Guide
260 _aHaryana
_bLexis Nexis India
_c2017
300 _axiv,286p.
_ccm.
942 _hZ:(P:7), Q7
_cTEXL
_2CC
999 _c1141414
_d1141414